El nuevo curso ; Problemas de la vida cotidiana / (Record no. 25931)

MARC details
000 -LEADER
campo de control de longitud fija 01512cam a2200421Ia 4500
001 - NÚMERO DE CONTROL
campo de control 42877
005 - FECHA Y HORA DE LA ÚLTIMA TRANSACCIÓN
campo de control 20230410103807.0
008 - DATOS DE LONGITUD FIJA--INFORMACIÓN GENERAL
campo de control de longitud fija 820624s1971 ag b 001 0 spa d
035 ## - NÚMERO DE CONTROL DEL SISTEMA
Número de control de sistema (OCoLC)ocm08546751
040 ## - FUENTE DE CATALOGACIÓN
Centro catalogador/agencia de origen BUF
Centro/agencia transcriptor BUF
Centro/agencia modificador EL$
-- OCL
-- OCLCQ
-- DIBAM
-- DRFGD
035 ## - NÚMERO DE CONTROL DEL SISTEMA
Número de control de sistema (OCoLC)8546751
041 1# - CÓDIGO DE IDIOMA
Código de lengua del texto/banda sonora o título independiente spa
Código de lengua original rus
043 ## - CÓDIGO DE ÁREA GEOGRÁFICA
Código de área geográfica e-ur---
050 14 - SIGNATURA TOPOGRÁFICA DE LA BIBLIOTECA DEL CONGRESO
Número de clasificación 338 DK 266
Número de ítem T858n 1971
049 ## - FONDOS LOCALES (OCLC)
Biblioteca depositaria GRAL
100 1# - ENTRADA PRINCIPAL--NOMBRE DE PERSONA
Nombre de persona Trotsky, Leon,
Fechas asociadas al nombre 1879-1940.
240 10 - TÍTULO UNIFORME
Título uniforme Selections.
Lenguaje de la obra Spanish.
Fecha de publicación/de la obra 1971
245 13 - MENCIÓN DEL TÍTULO
Título El nuevo curso ; Problemas de la vida cotidiana /
Mención de responsabilidad, etc. León Trotski ; [traducción, María Teresa Poyrazián y Mónica Virasoro.
250 ## - MENCION DE EDICION
Mención de edición 1. ed.
260 ## - PUBLICACIÓN, DISTRIBUCIÓN, ETC.
Lugar de publicación, distribución, etc. Córdoba :
Nombre del editor, distribuidor, etc. Ediciones Pasado y Presente,
Fecha de publicación, distribución, etc. 1971.
300 ## - DESCRIPCIÓN FÍSICA
Extensión 236 p. ;
Dimensiones 20 cm.
490 0# - MENCIÓN DE SERIE
Mención de serie Cuadernos de pasado y presente ;
Designación de volumen o secuencia 27
504 ## - NOTA DE BIBLIOGRAFÍA, ETC.
Nota de bibliografía, etc. Includes bibliographical references and index.
651 #0 - PUNTO DE ACCESO ADICIONAL DE MATERIA--NOMBRE GEOGRÁFICO
Nombre geográfico Soviet Union
Subdivisión general Politics and government
Subdivisión cronológica 1917-1936.
650 #0 - PUNTO DE ACCESO ADICIONAL DE MATERIA--TÉRMINO DE MATERIA
Término de materia o nombre geográfico como elemento de entrada Communism
Subdivisión geográfica Soviet Union.
650 #4 - PUNTO DE ACCESO ADICIONAL DE MATERIA--TÉRMINO DE MATERIA
Término de materia o nombre geográfico como elemento de entrada Partidos políticos
Subdivisión geográfica Rusia.
650 #4 - PUNTO DE ACCESO ADICIONAL DE MATERIA--TÉRMINO DE MATERIA
Término de materia o nombre geográfico como elemento de entrada Familia
Subdivisión geográfica Rusia.
651 #4 - PUNTO DE ACCESO ADICIONAL DE MATERIA--NOMBRE GEOGRÁFICO
Nombre geográfico Rusia
Subdivisión general Vida social y costumbres.
651 #7 - PUNTO DE ACCESO ADICIONAL DE MATERIA--NOMBRE GEOGRÁFICO
Nombre geográfico UNION SOVIETICA
Subdivisión general HISTORIA
Subdivisión cronológica REVOLUCION, 1917-1921.
Fuente del encabezamiento o término renib
651 #7 - PUNTO DE ACCESO ADICIONAL DE MATERIA--NOMBRE GEOGRÁFICO
Nombre geográfico UNION SOVIETICA
Subdivisión general HISTORIA
Subdivisión cronológica 1917-1936.
Fuente del encabezamiento o término renib
651 #7 - PUNTO DE ACCESO ADICIONAL DE MATERIA--NOMBRE GEOGRÁFICO
Nombre geográfico UNION SOVIETICA
Subdivisión general CONDICIONES SOCIALES
Subdivisión cronológica 1917-1936.
Fuente del encabezamiento o término renib
700 12 - ENTRADA AGREGADA--NOMBRE PERSONAL
Nombre de persona Trotsky, Leon,
Fechas asociadas al nombre 1879-1940.
Título de la obra Novyæi kurs.
Lenguaje de la obra Spanish.
740 01 - ENTRADA AGREGADA--TÍTULO RELACIONADO/ANALÍTICO NO CONTROLADO
Título relacionado o analítico no controlado Nuevo curso.
740 01 - ENTRADA AGREGADA--TÍTULO RELACIONADO/ANALÍTICO NO CONTROLADO
Título relacionado o analítico no controlado Problemas de la vida cotidiana.
942 ## - ELEMENTOS DE ENTRADA SECUNDARIOS (KOHA)
Fuente del sistema de clasificación o colocación Clasificación de Library of Congress
Tipo de ítem Koha
946 ## - PROCESAMIENTO DE INFORMACIÓN LOCAL (OCLC)
a csexposito
994 ## -
-- C0
-- DRFGD
Holdings
Estatus retirado Estado de pérdida Fuente del sistema de clasificación o colocación Estado de daño No para préstamo Colección Biblioteca de origen Biblioteca actual Ubicación en estantería Fecha de adquisición Serial enumeration / chronology Signatura topográfica completa Código de barras Visto por última vez Copia número Tipo de ítem Koha
    Clasificación de Library of Congress     Recursos Regionales Biblioteca Juan Bosch Biblioteca Juan Bosch Recursos Regionales (2do. Piso) 10/04/2023 1 338 DK 266 T858n 1971 00000043788 23/10/2018 1